Religious concerns in contemporary education : a study of reciprocal relations.

Збережено в:
Бібліографічні деталі
Автор: Phenix, Philip H. (autor)
Формат: Книга
Мова:Англійська
Предмети:
Теги: Додати тег
Немає тегів, Будьте першим, хто поставить тег для цього запису!

MARC

LEADER 00000cam^a2200000uu^4500
001 000475687
005 20250521000000.0
008 050901s1959^^^^^^^^^^^^rd^r^^000^0^eng^d
009 20260310124808.105
035 |a FCE 000018553 
035 |a FCE 022531 
037 |a Acervo ITESO - Biblioteca 
041 |a eng 
082 0 4 |a 370.073  |b PHEr 
100 |a Phenix, Philip H.  |e (autor) 
245 1 0 |a Religious concerns in contemporary education :  |b a study of reciprocal relations. 
264 |a New York :  |b Columbia University,  |c 1959. 
300 |a 108 p. 
336 |a texto  |b txt  |2 rdacontenido 
337 |a sin mediación  |b n  |2 rdamedio 
338 |a volumen  |b nc  |2 rdasoporte 
649 |a XX 
650 |a Docentes 
650 |a Administración de la educación 
650 |a Religión 
650 |a Educación y cultura 
650 |a Valores 
650 |a Currículo 
650 |a Estados Unidos 
910 |a Fondo Centro de Estudios Educativos 
920 |a Impresos - Libros 
930 |a Fondos Especiales 
905 |a 133 
901 |a ALE022531  |b IT2  |c CEE  |u 20250521 
902 |a https://opac.biblio.iteso.mx/vufind/Record/000475687